000 00486nam a22001817a 4500
005 20251108171859.0
008 250721s1998 xx 000 0 ara d
082 1 4 _a004/خاط
100 1 _aخاطر، منتصر عبد الله
245 1 0 _aالحاسوب /
250 _aط 2
264 1 _aعمان :
_bجامعة القدس المفتوحة،
_c1998.
300 _a410ص
650 1 7 _aالحواسيب
650 1 7 _aالبرمجيات
942 _2ddc
_cBK
999 _c65015
_d65015